[Event "N1 Reykjavik Open 2014"]
[Site "Reykjavik, Iceland"]
[Date "2014.03.10"]
[Round "8.8"]
[White "Browne, Walter S."]
[Black "Olafsson, Helgi"]
[Result "0-1"]
[WhiteElo "2444"]
[BlackElo "2546"]
[LiveChessVersion "1.4.2"]

1. e4 
    {[%clk 1:30:57]}
1. ... e5 
    {[%clk 1:30:32]}
2. Nf3 
    {[%clk 1:31:16]}
2. ... Nc6 
    {[%clk 1:30:38]}
3. Bb5 
    {[%clk 1:31:44]}
3. ... a6 
    {[%clk 1:30:55]}
4. Ba4 
    {[%clk 1:32:08]}
4. ... Nf6 
    {[%clk 1:30:49]}
5. d3 
    {[%clk 1:31:13]}
5. ... d6 
    {[%clk 1:27:57]}
6. c3 
    {[%clk 1:28:54]}
6. ... g6 
    {[%clk 1:27:24]}
7. O-O 
    {[%clk 1:27:27]}
7. ... Bg7 
    {[%clk 1:27:03]}
8. Re1 
    {[%clk 1:27:05]}
8. ... O-O 
    {[%clk 1:27:14]}
9. Nbd2 
    {[%clk 1:26:51]}
9. ... Bd7 
    {[%clk 1:21:10]}
10. Nf1 
    {[%clk 1:25:23]}
10. ... b5 
    {[%clk 1:20:02]}
11. Bb3 
    {[%clk 1:17:31]}
11. ... Na5 
    {[%clk 1:19:36]}
12. Bc2 
    {[%clk 1:17:59]}
12. ... c5 
    {[%clk 1:19:50]}
13. Ne3 
    {[%clk 1:17:35]}
13. ... Re8 
    {[%clk 1:19:02]}
14. Bd2 
    {[%clk 1:09:36]}
14. ... Rc8 
    {[%clk 1:17:43]}
15. a4 
    {[%clk 1:04:53]}
15. ... c4 
    {[%clk 1:10:09]}
16. axb5 
    {[%clk 0:57:56]}
16. ... axb5 
    {[%clk 1:08:25]}
17. d4 
    {[%clk 0:34:34]}
17. ... Nb3 
    {[%clk 1:01:02]}
18. Ra6 
    {[%clk 0:13:56]}
18. ... exd4 
    {[%clk 0:54:49]}
19. Nxd4 
    {[%clk 0:14:02]}
19. ... Nc5 
    {[%clk 0:50:16]}
20. Rxd6 
    {[%clk 0:14:08]}
20. ... Nfxe4 
    {[%clk 0:47:59]}
21. Bxe4 
    {[%clk 0:08:31]}
21. ... Nxe4 
    {[%clk 0:45:09]}
22. Rd5 
    {[%clk 0:08:59]}
22. ... Nc5 
    {[%clk 0:44:01]}
23. Nxb5 
    {[%clk 0:07:59]}
23. ... Nd3 
    {[%clk 0:43:48]}
24. Rf1 
    {[%clk 0:05:11]}
24. ... Nf4 
    {[%clk 0:43:11]}
25. Rd4 
    {[%clk 0:03:13]}
25. ... Bxd4 
    {[%clk 0:43:09]}
26. Nxd4 
    {[%clk 0:03:41]}
26. ... Bc6 
    {[%clk 0:41:58]}
27. Ng4 
    {[%clk 0:02:28]}
27. ... Nd3 
    {[%clk 0:38:22]}
28. b4 
    {[%clk 0:02:41]}
28. ... h5 
    {[%clk 0:37:28]}
29. Ne3 
    {[%clk 0:02:41]}
29. ... Be4 
    {[%clk 0:37:21]}
30. f3 
    {[%clk 0:02:36]}
30. ... Ba8 
    {[%clk 0:37:32]}
31. Qa1 
    {[%clk 0:01:55]}
31. ... Nf4 
    {[%clk 0:31:32]}
32. Qa5 
    {[%clk 0:01:52]}
32. ... Ne2+ 
    {[%clk 0:31:31]}
33. Kf2 
    {[%clk 0:01:11]}
33. ... Nxd4 
    {[%clk 0:31:41]}
34. cxd4 
    {[%clk 0:01:10]}
34. ... Qh4+ 
    {[%clk 0:31:25]}
35. g3 
    {[%clk 0:01:27]}
35. ... Qxh2+ 
    {[%clk 0:30:43]}
36. Ng2 
    {[%clk 0:01:56]}
36. ... Re2+ 
    {[%clk 0:30:43]}
37. Kxe2 
    {[%clk 0:02:19]}
37. ... Qxg2+ 
    {[%clk 0:31:12]}
38. Rf2 
    {[%clk 0:02:08]}
38. ... Bxf3+ 
    {[%clk 0:31:36]}
0-1

[Event "N1 Reykjavik Open 2014"]
[Site "Reykjavik, Iceland"]
[Date "2014.03.10"]
[Round "8.9"]
[White "Rozentalis, Eduardas"]
[Black "Ptacnikova, Lenka"]
[Result "1-0"]
[WhiteElo "2623"]
[BlackElo "2239"]
[LiveChessVersion "1.4.2"]

1. e4 
    {[%clk 1:30:55]}
1. ... d5 
    {[%clk 1:30:56]}
2. exd5 
    {[%clk 1:31:17]}
2. ... Qxd5 
    {[%clk 1:31:23]}
3. Nc3 
    {[%clk 1:31:22]}
3. ... Qd6 
    {[%clk 1:31:43]}
4. d4 
    {[%clk 1:30:54]}
4. ... Nf6 
    {[%clk 1:31:51]}
5. Nf3 
    {[%clk 1:31:03]}
5. ... g6 
    {[%clk 1:32:07]}
6. Bg5 
    {[%clk 1:30:09]}
6. ... Bg7 
    {[%clk 1:16:17]}
7. Qd2 
    {[%clk 1:29:31]}
7. ... Nd5 
    {[%clk 1:13:43]}
8. Nxd5 
    {[%clk 1:25:15]}
8. ... Qxd5 
    {[%clk 1:14:07]}
9. Be2 
    {[%clk 1:25:35]}
9. ... Nc6 
    {[%clk 1:10:51]}
10. c3 
    {[%clk 1:23:48]}
10. ... Bf5 
    {[%clk 1:01:37]}
11. O-O 
    {[%clk 1:22:42]}
11. ... O-O 
    {[%clk 0:57:00]}
12. Rfe1 
    {[%clk 1:20:26]}
12. ... e5 
    {[%clk 0:49:13]}
13. c4 
    {[%clk 1:13:29]}
13. ... Qd6 
    {[%clk 0:46:29]}
14. d5 
    {[%clk 1:13:00]}
14. ... Nb8 
    {[%clk 0:35:35]}
15. Bh6 
    {[%clk 1:08:37]}
15. ... a5 
    {[%clk 0:34:48]}
16. Bxg7 
    {[%clk 1:04:33]}
16. ... Kxg7 
    {[%clk 0:35:13]}
17. c5 
    {[%clk 1:04:30]}
17. ... Qxc5 
    {[%clk 0:30:59]}
18. Nxe5 
    {[%clk 1:04:22]}
18. ... Qb4 
    {[%clk 0:30:51]}
19. Qc1 
    {[%clk 1:01:05]}
19. ... c6 
    {[%clk 0:24:32]}
20. Bf3 
    {[%clk 0:53:07]}
20. ... Rc8 
    {[%clk 0:18:26]}
21. d6 
    {[%clk 0:47:38]}
21. ... Qxd6 
    {[%clk 0:18:07]}
22. Nc4 
    {[%clk 0:31:36]}
22. ... Qc7 
    {[%clk 0:16:02]}
23. Qc3+ 
    {[%clk 0:31:07]}
23. ... Kg8 
    {[%clk 0:16:20]}
24. Rad1 
    {[%clk 0:28:49]}
24. ... Rd8 
    {[%clk 0:15:44]}
25. Nd6 
    {[%clk 0:25:34]}
25. ... Nd7 
    {[%clk 0:15:13]}
26. Nxf5 
    {[%clk 0:25:18]}
26. ... gxf5 
    {[%clk 0:15:40]}
27. Re7 
    {[%clk 0:25:13]}
1-0

[Event "N1 Reykjavik Open 2014"]
[Site "Reykjavik, Iceland"]
[Date "2014.03.10"]
[Round "8.10"]
[White "Berkes, Ferenc"]
[Black "Thorhallsson, Throstur"]
[Result "1/2-1/2"]
[WhiteElo "2687"]
[BlackElo "2435"]
[EventDate "2014.??.??"]
[Annotator "peturla"]
[PlyCount "107"]
[TimeControl "6000+955"]
[WhiteClock "0:07:24"]
[BlackClock "0:26:07"]

1. d4 d5 2. Bf4 c5 3. e3 Nc6 4. c3 Nf6 5. Nd2 Bf5 6. Qb3 Qd7 7. Ngf3 c4 8.
 Qd1 e6 9. Be2 Be7 10. Ne5 Nxe5 11. Bxe5 O-O 12. g4 Bg6 13. h4 Qb5 14. 
Bxf6 gxf6 15. h5 Bd3 16. Bxd3 cxd3 17. Nb3 e5 18. Qf3 a5 19. Rb1 a4 20. 
Nd2 exd4 21. exd4 Rfe8 22. O-O Bf8 23. Rfd1 Qd7 24. Nf1 Bh6 25. Rxd3 Re4 
26. Qf5 Rxg4+ 27. Qxg4+ Qxg4+ 28. Rg3 f5 29. Re1 a3 30. Rb1 Rc8 31. bxa3 
Rxc3 32. Rxg4+ fxg4 33. Rxb7 Bf4 34. Rd7 Rxa3 35. Rxd5 Kf8 36. Rf5 Bd6 37.
 Rg5 Rxa2 38. Ne3 Be7 39. Rb5 Bd6 40. Nxg4 Rd2 41. d5 Bf4 42. Rb4 Bd6 43. 
Rb5 Bf4 44. Ra5 f5 45. Ra8+ Ke7 46. Ra7+ Kd6 47. Nf6 Bg5 48. Nxh7 Bh4 49. 
Rf7 Bxf2+ 50. Kf1 Be3 51. Nf8 Kxd5 52. Rd7+ Ke4 53. Rxd2 Bxd2 54. Ng6 
1/2-1/2

[Event "N1 Reykjavik Open 2014"]
[Site "Reykjavik, Iceland"]
[Date "2014.03.10"]
[Round "8.11"]
[White "Porper, Edward"]
[Black "Gajewski, Grzegorz"]
[Result "0-1"]
[WhiteElo "2427"]
[BlackElo "2631"]
[EventDate "2014.??.??"]
[Annotator "peturla"]
[PlyCount "110"]
[TimeControl "6000+870"]
[WhiteClock "0:27:21"]
[BlackClock "0:32:08"]

1. d4 Nf6 2. c4 e6 3. Nf3 Bb4+ 4. Bd2 a5 5. g3 d5 6. Qc2 O-O 7. Bg2 Be7 8.
 O-O c6 9. Bf4 Nbd7 10. Nbd2 Nh5 11. Ne5 Nxe5 12. Bxe5 f6 13. Bf4 Nxf4 14.
 gxf4 Bd6 15. e3 g5 16. f5 exf5 17. cxd5 cxd5 18. Bxd5+ Kh8 19. Bg2 Be6 
20. d5 Bd7 21. Rac1 b5 22. Rfd1 Qe7 23. Qc3 Rg8 24. Qd4 Rg6 25. Nf1 Rh6 
26. Qb6 Qe5 27. Qd4 Rh4 28. Qxe5 fxe5 29. Rc6 Rh6 30. Rb6 Ra7 31. Rc1 e4 
32. Ng3 Rg6 33. Kh1 Be5 34. Rxg6 hxg6 35. Rc2 Rc7 36. Rxc7 Bxc7 37. f3 
exf3 38. Bxf3 Kg7 39. Ne2 Kf6 40. Nc1 g4 41. Bd1 Bb6 42. e4 fxe4 43. Kg2 
Ke5 44. Ne2 Be3 45. Bc2 b4 46. Ng3 Bf4 47. d6 Bc6 48. Kf1 a4 49. Ke1 a3 
50. bxa3 bxa3 51. Ke2 Bxg3 52. hxg3 Kxd6 53. Kd2 Ke5 54. Ke3 Bd5 55. Bb1 
Bc4 0-1

[Event "N1 Reykjavik Open 2014"]
[Site "Reykjavik, Iceland"]
[Date "2014.03.10"]
[Round "8.12"]
[White "Tania, Sachdev"]
[Black "Ramirez, Alejandro"]
[Result "0-1"]
[WhiteElo "2423"]
[BlackElo "2599"]
[LiveChessVersion "1.4.2"]

1. d4 
    {[%clk 1:30:58]}
1. ... d5 
    {[%clk 1:30:55]}
2. c4 
    {[%clk 1:31:18]}
2. ... c6 
    {[%clk 1:31:18]}
3. Nf3 
    {[%clk 1:31:45]}
3. ... Nf6 
    {[%clk 1:31:42]}
4. Nc3 
    {[%clk 1:32:08]}
4. ... e6 
    {[%clk 1:32:09]}
5. g3 
    {[%clk 1:32:30]}
5. ... dxc4 
    {[%clk 1:32:33]}
6. Bg2 
    {[%clk 1:32:54]}
6. ... b5 
    {[%clk 1:32:55]}
7. Ne5 
    {[%clk 1:33:06]}
7. ... a6 
    {[%clk 1:33:06]}
8. a4 
    {[%clk 1:31:42]}
8. ... Bb7 
    {[%clk 1:32:35]}
9. O-O 
    {[%clk 1:30:00]}
9. ... Qc8 
    {[%clk 1:32:31]}
10. b3 
    {[%clk 1:19:15]}
10. ... b4 
    {[%clk 1:28:08]}
11. Ne4 
    {[%clk 1:18:21]}
11. ... Nxe4 
    {[%clk 1:27:06]}
12. Bxe4 
    {[%clk 1:18:48]}
12. ... c3 
    {[%clk 1:27:31]}
13. Nc4 
    {[%clk 1:04:10]}
13. ... Nd7 
    {[%clk 1:21:06]}
14. a5 
    {[%clk 0:58:47]}
14. ... Be7 
    {[%clk 1:14:59]}
15. Bf4 
    {[%clk 0:58:11]}
15. ... Qd8 
    {[%clk 1:15:00]}
16. Bg2 
    {[%clk 0:54:53]}
16. ... Nf6 
    {[%clk 1:14:28]}
17. Qc2 
    {[%clk 0:44:51]}
17. ... Nd5 
    {[%clk 0:49:27]}
18. Bc1 
    {[%clk 0:43:23]}
18. ... c5 
    {[%clk 0:48:52]}
19. e4 
    {[%clk 0:40:49]}
19. ... Nc7 
    {[%clk 0:40:51]}
20. d5 
    {[%clk 0:39:58]}
20. ... Nb5 
    {[%clk 0:38:56]}
21. Be3 
    {[%clk 0:33:15]}
21. ... O-O 
    {[%clk 0:34:36]}
22. Rfd1 
    {[%clk 0:32:54]}
22. ... exd5 
    {[%clk 0:33:59]}
23. exd5 
    {[%clk 0:33:07]}
23. ... Bd6 
    {[%clk 0:33:49]}
24. Be4 
    {[%clk 0:26:08]}
24. ... g6 
    {[%clk 0:27:42]}
25. Bg2 
    {[%clk 0:20:18]}
25. ... Re8 
    {[%clk 0:26:06]}
26. Re1 
    {[%clk 0:19:36]}
26. ... Qf6 
    {[%clk 0:23:19]}
27. Red1 
    {[%clk 0:17:36]}
27. ... Rad8 
    {[%clk 0:20:14]}
28. h4 
    {[%clk 0:15:25]}
28. ... Nd4 
    {[%clk 0:18:48]}
29. Qd3 
    {[%clk 0:15:15]}
29. ... Nxb3 
    {[%clk 0:16:33]}
30. Rab1 
    {[%clk 0:15:41]}
30. ... Nd4 
    {[%clk 0:15:57]}
31. Nxd6 
    {[%clk 0:11:26]}
31. ... Qxd6 
    {[%clk 0:15:09]}
32. Bxd4 
    {[%clk 0:11:09]}
32. ... cxd4 
    {[%clk 0:15:32]}
33. Qc4 
    {[%clk 0:11:29]}
33. ... Bxd5 
    {[%clk 0:15:18]}
34. Bxd5 
    {[%clk 0:11:28]}
34. ... Qxd5 
    {[%clk 0:15:43]}
35. Rxb4 
    {[%clk 0:11:45]}
35. ... Qxa5 
    {[%clk 0:10:51]}
0-1

[Event "N1 Reykjavik Open 2014"]
[Site "Reykjavik, Iceland"]
[Date "2014.03.10"]
[Round "8.13"]
[White "Karavade, Eesha"]
[Black "Stefansson, Hannes"]
[Result "1/2-1/2"]
[WhiteElo "2408"]
[BlackElo "2541"]
[LiveChessVersion "1.4.2"]

1. d4 
    {[%clk 1:30:54]}
1. ... Nf6 
    {[%clk 1:28:32]}
2. c4 
    {[%clk 1:30:59]}
2. ... e6 
    {[%clk 1:28:41]}
3. Nc3 
    {[%clk 1:31:06]}
3. ... Bb4 
    {[%clk 1:28:54]}
4. e3 
    {[%clk 1:31:16]}
4. ... O-O 
    {[%clk 1:28:33]}
5. Bd3 
    {[%clk 1:31:19]}
5. ... d5 
    {[%clk 1:28:14]}
6. Nf3 
    {[%clk 1:31:35]}
6. ... c5 
    {[%clk 1:26:40]}
7. O-O 
    {[%clk 1:31:56]}
7. ... Nc6 
    {[%clk 1:24:59]}
8. a3 
    {[%clk 1:32:04]}
8. ... Bxc3 
    {[%clk 1:24:34]}
9. bxc3 
    {[%clk 1:32:30]}
9. ... Qc7 
    {[%clk 1:23:45]}
10. Bb2 
    {[%clk 1:32:22]}
10. ... dxc4 
    {[%clk 1:23:03]}
11. Bxc4 
    {[%clk 1:32:47]}
11. ... e5 
    {[%clk 1:23:02]}
12. h3 
    {[%clk 1:33:06]}
12. ... Bf5 
    {[%clk 1:17:06]}
13. Qe2 
    {[%clk 1:25:16]}
13. ... Bg6 
    {[%clk 1:09:57]}
14. Bb5 
    {[%clk 1:20:47]}
14. ... e4 
    {[%clk 1:05:02]}
15. Bxc6 
    {[%clk 1:01:09]}
15. ... Qxc6 
    {[%clk 1:03:05]}
16. Ne5 
    {[%clk 1:00:34]}
16. ... Qc7 
    {[%clk 1:02:19]}
17. c4 
    {[%clk 0:59:17]}
17. ... cxd4 
    {[%clk 1:01:25]}
18. exd4 
    {[%clk 0:58:44]}
18. ... Rfe8 
    {[%clk 1:00:20]}
19. Rac1 
    {[%clk 0:52:55]}
19. ... Nd7 
    {[%clk 0:58:46]}
20. Nxd7 
    {[%clk 0:45:28]}
20. ... Qxd7 
    {[%clk 0:59:03]}
21. Rfd1 
    {[%clk 0:45:07]}
21. ... Rac8 
    {[%clk 0:57:23]}
22. Qe3 
    {[%clk 0:44:29]}
22. ... b6 
    {[%clk 0:51:43]}
23. d5 
    {[%clk 0:40:57]}
23. ... f6 
    {[%clk 0:51:34]}
24. c5 
    {[%clk 0:34:37]}
24. ... bxc5 
    {[%clk 0:51:30]}
1/2-1/2

[Event "N1 Reykjavik Open 2014"]
[Site "Reykjavik, Iceland"]
[Date "2014.03.10"]
[Round "8.14"]
[White "Molner, Mackenzie"]
[Black "Aravindh, Chithambaram Vr."]
[Result "1/2-1/2"]
[WhiteElo "2528"]
[BlackElo "2395"]
[LiveChessVersion "1.4.2"]

1. d4 
    {[%clk 1:30:35]}
1. ... Nf6 
    {[%clk 1:30:46]}
2. c4 
    {[%clk 1:31:00]}
2. ... e6 
    {[%clk 1:31:09]}
3. Nc3 
    {[%clk 1:31:21]}
3. ... d5 
    {[%clk 1:31:23]}
4. Nf3 
    {[%clk 1:30:38]}
4. ... Be7 
    {[%clk 1:31:43]}
5. Bf4 
    {[%clk 1:30:57]}
5. ... O-O 
    {[%clk 1:32:02]}
6. Rc1 
    {[%clk 1:31:17]}
6. ... Nbd7 
    {[%clk 1:29:02]}
7. cxd5 
    {[%clk 1:29:34]}
7. ... exd5 
    {[%clk 1:28:35]}
8. e3 
    {[%clk 1:29:22]}
8. ... c6 
    {[%clk 1:25:03]}
9. h3 
    {[%clk 1:29:31]}
9. ... Re8 
    {[%clk 1:24:59]}
10. Bd3 
    {[%clk 1:29:40]}
10. ... Nf8 
    {[%clk 1:23:28]}
11. O-O 
    {[%clk 1:29:38]}
11. ... Ng6 
    {[%clk 1:14:02]}
12. Bh2 
    {[%clk 1:29:51]}
12. ... Bd6 
    {[%clk 1:12:35]}
13. Bxd6 
    {[%clk 1:26:33]}
13. ... Qxd6 
    {[%clk 1:13:03]}
14. Qc2 
    {[%clk 1:26:29]}
14. ... Bd7 
    {[%clk 1:08:24]}
15. b4 
    {[%clk 1:18:52]}
15. ... b6 
    {[%clk 1:03:00]}
16. b5 
    {[%clk 1:15:48]}
16. ... c5 
    {[%clk 0:59:39]}
17. dxc5 
    {[%clk 1:13:30]}
17. ... bxc5 
    {[%clk 0:58:19]}
18. Rfd1 
    {[%clk 1:13:40]}
18. ... Rac8 
    {[%clk 0:40:55]}
19. Nxd5 
    {[%clk 0:58:07]}
19. ... Nxd5 
    {[%clk 0:40:32]}
20. Bc4 
    {[%clk 0:58:16]}
20. ... Be6 
    {[%clk 0:30:53]}
21. e4 
    {[%clk 0:52:44]}
21. ... Qf4 
    {[%clk 0:29:34]}
22. Bxd5 
    {[%clk 0:43:50]}
22. ... Bxh3 
    {[%clk 0:29:22]}
23. Ne1 
    {[%clk 0:42:32]}
23. ... Be6 
    {[%clk 0:20:53]}
24. Bc6 
    {[%clk 0:38:00]}
24. ... Re7 
    {[%clk 0:15:52]}
25. Nd3 
    {[%clk 0:35:44]}
25. ... Qf6 
    {[%clk 0:09:29]}
26. Nxc5 
    {[%clk 0:33:11]}
26. ... Nf4 
    {[%clk 0:03:09]}
27. Qd2 
    {[%clk 0:25:31]}
27. ... h5 
    {[%clk 0:02:08]}
28. Nxe6 
    {[%clk 0:23:30]}
28. ... fxe6 
    {[%clk 0:00:32]}
29. g3 
    {[%clk 0:12:41]}
29. ... Ng6 
    {[%clk 0:00:49]}
30. f4 
    {[%clk 0:12:32]}
30. ... h4 
    {[%clk 0:00:45]}
31. e5 
    {[%clk 0:12:42]}
31. ... Qf7 
    {[%clk 0:00:38]}
32. Kg2 
    {[%clk 0:11:05]}
32. ... hxg3 
    {[%clk 0:00:41]}
33. Kxg3 
    {[%clk 0:10:42]}
33. ... Rf8 
    {[%clk 0:00:39]}
34. Rf1 
    {[%clk 0:09:14]}
34. ... Rc7 
    {[%clk 0:00:37]}
35. Be4 
    {[%clk 0:05:11]}
35. ... Rxc1 
    {[%clk 0:00:37]}
36. Qxc1 
    {[%clk 0:04:10]}
36. ... Nxe5 
    {[%clk 0:00:52]}
37. Rh1 
    {[%clk 0:00:45]}
37. ... Ng6 
    {[%clk 0:00:35]}
38. Qe3 
    {[%clk 0:01:04]}
38. ... Qf6 
    {[%clk 0:00:44]}
39. Rh2 
    {[%clk 0:00:36]}
39. ... Rf7 
    {[%clk 0:00:39]}
40. Rh1 
    {[%clk 0:30:42]}
40. ... Rf8 1/2-1/2

[Event "N1 Reykjavik Open 2014"]
[Site "Reykjavik, Iceland"]
[Date "2014.03.10"]
[Round "8.15"]
[White "Soors, Stef"]
[Black "Gretarsson, Hjorvar Steinn"]
[Result "0-1"]
[WhiteElo "2394"]
[BlackElo "2511"]
[LiveChessVersion "1.4.2"]

1. e4 c5 2. c3 d5 3. exd5 Qxd5 4. d4 Nc6 5. Nf3 Bf5 6. Be3 Nf6 7. Na3 e6 
8. Nb5 O-O-O 9. dxc5 Qxd1+ 10. Rxd1 Rxd1+ 11. Kxd1 Nd5 12. Nbd4 Be4 13. 
Nxc6 Nxe3+ 14. fxe3 bxc6 15. Nd2 Bg6 16. Ba6+ Kc7 17. b4 Be7 18. Ke2 Rd8 
19. a4 Bf6 20. Rc1 h5 21. a5 Bf5 22. Bc4 g5 23. e4 Bg6 24. Bd3 h4 25. Nc4 
g4 26. Ne3 g3 27. h3 Bg7 28. Bb1 Bh5+ 29. Ng4 Bh6 30. Rd1 Bxg4+ 31. hxg4 
Rxd1 0-1

[Event "N1 Reykjavik Open 2014"]
[Site "Reykjavik, Iceland"]
[Date "2014.03.10"]
[Round "8.16"]
[White "Bagi, Mate"]
[Black "Danielsen, Henrik"]
[Result "1/2-1/2"]
[WhiteElo "2385"]
[BlackElo "2501"]
[LiveChessVersion "1.4.2"]

1. e4 
    {[%clk 1:30:56]}
1. ... d5 
    {[%clk 1:30:26]}
2. exd5 
    {[%clk 1:31:13]}
2. ... Qxd5 
    {[%clk 1:30:46]}
3. Nc3 
    {[%clk 1:31:28]}
3. ... Qd8 
    {[%clk 1:31:08]}
4. d4 
    {[%clk 1:29:33]}
4. ... Nf6 
    {[%clk 1:31:33]}
5. Nf3 
    {[%clk 1:27:45]}
5. ... Bg4 
    {[%clk 1:31:50]}
6. h3 
    {[%clk 1:25:31]}
6. ... Bxf3 
    {[%clk 1:32:09]}
7. Qxf3 
    {[%clk 1:25:35]}
7. ... c6 
    {[%clk 1:32:36]}
8. Be3 
    {[%clk 1:21:44]}
8. ... e6 
    {[%clk 1:32:46]}
9. Bc4 
    {[%clk 1:11:31]}
9. ... Nbd7 
    {[%clk 1:29:13]}
10. O-O 
    {[%clk 1:10:02]}
10. ... Bd6 
    {[%clk 1:29:07]}
11. Bb3 
    {[%clk 1:06:51]}
11. ... O-O 
    {[%clk 1:28:46]}
12. Ne4 
    {[%clk 1:04:19]}
12. ... Nxe4 
    {[%clk 1:28:42]}
13. Qxe4 
    {[%clk 1:04:42]}
13. ... Nf6 
    {[%clk 1:26:30]}
14. Qf3 
    {[%clk 1:03:06]}
14. ... Nd5 
    {[%clk 1:25:31]}
15. Bd2 
    {[%clk 0:53:54]}
15. ... Qf6 
    {[%clk 1:19:01]}
16. Qxf6 
    {[%clk 0:50:11]}
16. ... Nxf6 
    {[%clk 1:19:14]}
17. Rfe1 
    {[%clk 0:44:57]}
17. ... a5 
    {[%clk 1:05:15]}
18. a4 
    {[%clk 0:43:10]}
18. ... Rfe8 
    {[%clk 0:58:54]}
19. c4 
    {[%clk 0:40:36]}
19. ... Nd7 
    {[%clk 0:47:20]}
20. Be3 
    {[%clk 0:37:03]}
20. ... Bb4 
    {[%clk 0:45:54]}
21. Red1 
    {[%clk 0:36:30]}
21. ... Rad8 
    {[%clk 0:43:54]}
22. Bc2 
    {[%clk 0:33:58]}
22. ... Nb6 
    {[%clk 0:43:38]}
23. b3 
    {[%clk 0:31:14]}
23. ... Nc8 
    {[%clk 0:42:28]}
24. Be4 
    {[%clk 0:25:27]}
24. ... Nd6 
    {[%clk 0:37:49]}
25. Bf3 
    {[%clk 0:25:44]}
25. ... Nf5 
    {[%clk 0:37:52]}
26. g4 
    {[%clk 0:24:47]}
26. ... Nh4 
    {[%clk 0:33:10]}
27. Bh1 
    {[%clk 0:23:51]}
27. ... Ng6 
    {[%clk 0:31:25]}
28. d5 
    {[%clk 0:18:47]}
28. ... cxd5 
    {[%clk 0:31:09]}
29. cxd5 
    {[%clk 0:19:11]}
29. ... e5 
    {[%clk 0:31:27]}
30. d6 
    {[%clk 0:14:50]}
30. ... Rd7 
    {[%clk 0:26:11]}
31. Be4 
    {[%clk 0:13:34]}
31. ... Nf4 
    {[%clk 0:26:04]}
32. Bxf4 
    {[%clk 0:08:19]}
32. ... exf4 
    {[%clk 0:26:25]}
33. Bf3 
    {[%clk 0:07:26]}
33. ... Red8 
    {[%clk 0:22:46]}
34. Rac1 
    {[%clk 0:06:22]}
34. ... b6 
    {[%clk 0:22:12]}
35. Rc6 
    {[%clk 0:04:28]}
35. ... Bc5 
    {[%clk 0:22:25]}
36. Kg2 
    {[%clk 0:04:02]}
36. ... g6 
    {[%clk 0:22:05]}
37. Be2 
    {[%clk 0:03:06]}
37. ... Rxd6 
    {[%clk 0:19:20]}
38. Rdxd6 
    {[%clk 0:03:21]}
38. ... Rxd6 
    {[%clk 0:19:36]}
39. Rxd6 
    {[%clk 0:03:44]}
39. ... Bxd6 
    {[%clk 0:19:55]}
40. Bc4 
    {[%clk 0:33:08]}
40. ... Kg7 
    {[%clk 0:49:59]}
41. f3 
    {[%clk 0:32:49]}
41. ... Be7 
    {[%clk 0:49:55]}
42. Bd5 
    {[%clk 0:32:08]}
42. ... Bh4 
    {[%clk 0:50:16]}
43. Bc4 
    {[%clk 0:32:04]}
43. ... Kf8 
    {[%clk 0:50:39]}
44. Bd5 
    {[%clk 0:31:55]}
44. ... Ke7 
    {[%clk 0:51:02]}
45. Bc4 
    {[%clk 0:31:54]}
45. ... f6 
    {[%clk 0:51:21]}
46. Bd5 
    {[%clk 0:31:57]}
46. ... Bg3 
    {[%clk 0:51:21]}
47. Bc4 
    {[%clk 0:32:13]}
47. ... Kd6 
    {[%clk 0:50:47]}
48. Bg8 
    {[%clk 0:32:20]}
48. ... h6 
    {[%clk 0:51:08]}
49. Bf7 
    {[%clk 0:32:28]}
49. ... g5 
    {[%clk 0:51:29]}
50. Kf1 
    {[%clk 0:31:58]}
50. ... Kc5 
    {[%clk 0:51:44]}
51. Bc4 
    {[%clk 0:31:52]}
51. ... Kd4 
    {[%clk 0:50:55]}
52. Ke2 
    {[%clk 0:32:15]}
52. ... Kc3 
    {[%clk 0:51:10]}
53. Be6 
    {[%clk 0:32:22]}
53. ... Bh2 
    {[%clk 0:51:33]}
54. Bc4 
    {[%clk 0:32:09]}
54. ... Bg1 
    {[%clk 0:51:55]}
55. Be6 
    {[%clk 0:32:34]}
55. ... Be3 
    {[%clk 0:51:22]}
56. Bc4 
    {[%clk 0:32:35]}
56. ... Kc2 
    {[%clk 0:50:22]}
1/2-1/2